República literaria

Sparad:
Bibliografiska uppgifter
Huvudupphovsman: Saavedra Fajardo, Diego de (Författare, medförfattare)
Materialtyp: Bok
Språk:spanska
Publicerad: Madrid Espasa-Calpe 1942
Serie:Clásicos Castellanos, 46
Ämnen:
Taggar: Lägg till en tagg
Inga taggar, Lägg till första taggen!

MARC

LEADER 00000nam a2200000 a 4500
001 UCX5266
003 CL-VaPUC
008 921016e19420000SP |||||||||||||||||spa|d
082 0 4 |a 867  |b SAA  |2 21 
100 0 |a Saavedra Fajardo, Diego de  |e author  |9 321549 
245 1 0 |a República literaria 
300 |a 134 p 
942 |c BK 
945 |d 19921016 00:00:00 
260 |a Madrid  |b Espasa-Calpe  |c 1942 
650 0 |a Sátiras españolas  |9 267790 
583 |a last modification  |c 19921016 00:00:00  |k Rodrigo Vera 
490 0 |a Clásicos Castellanos, 46 
999 |c 225558  |d 225556 
952 |0 0  |1 0  |4 0  |6 867_000000000000000_SAA_1942  |7 0  |8 A  |9 223166  |a FDOPOS  |b FDOPOS  |d 2019-11-15  |i 2920123  |o 867 SAA 1942  |p 2920123  |r 2025-01-22  |w 2019-11-15  |y BK  |k MLH